|
|
|
|
| LEADER |
00000nas a2200000 a 4500 |
| 001 |
ssj0028311 |
| 003 |
WaSeSS |
| 005 |
20200512172242.0 |
| 006 |
m d |
| 007 |
cr n |
| 008 |
881216c19889999onctn p s 0 a0eng |
| 010 |
|
|
|a cn 89030058
|
| 015 |
|
|
|a 890300585
|2 can
|
| 016 |
|
|
|a (AMICUS)000008203740
|
| 016 |
|
|
|a 890300585
|
| 022 |
|
|
|y 0838-2875
|
| 035 |
|
|
|a (WaSeSS)ssj0028311
|
| 040 |
|
|
|a NLC
|b eng
|c NLC
|d OCLCO
|d OCLCF
|d CGC
|d HUL
|d NST
|d SYS
|d HVL
|d VT2
|d UWO
|d U3G
|d OCLCQ
|d WaSeSS
|
| 042 |
|
|
|a nlc
|a isds/c
|
| 043 |
|
|
|a n-cn---
|
| 055 |
0 |
1 |
|a KE3805
|
| 082 |
0 |
|
|a 344.71/07/05
|2 19
|
| 084 |
|
|
|a cci1icc
|2 lacc
|
| 210 |
0 |
|
|a Educ. law j.
|
| 222 |
|
0 |
|a Education law journal
|
| 245 |
0 |
0 |
|a Education law journal
|h [electronic resource].
|
| 246 |
1 |
0 |
|a Education law
|
| 246 |
1 |
0 |
|a Education & law journal
|
| 260 |
|
|
|a Agincourt, Ont. :
|b Carswell Co.,
|c 1988-
|
| 310 |
|
|
|a Three times a year, with annual bound cumulation.
|
| 362 |
0 |
|
|a Vol. 1, no. 1 (May 1988)-
|
| 500 |
|
|
|a Title from cover.
|
| 500 |
|
|
|a On cover: Carswell Legal Publications.
|
| 500 |
|
|
|a Issues for May 1989- and bound vols. for 1988/89- have title: Education & law journal.
|
| 506 |
|
|
|a License restrictions may limit access.
|
| 650 |
|
0 |
|a Educational law and legislation
|z Canada
|x Periodicals.
|
| 650 |
|
6 |
|a Éducation
|x Droit
|z Canada
|x Périodiques.
|
| 650 |
|
7 |
|a Educational law and legislation.
|2 fast
|0 (OCoLC)fst00903503
|
| 651 |
|
7 |
|a Canada.
|2 fast
|0 (OCoLC)fst01204310
|
| 655 |
|
0 |
|a Electronic journals.
|
| 710 |
2 |
|
|a Carswell Company.
|
| 853 |
2 |
0 |
|8 1
|a (*)
|i (year/year)
|w a
|x 00
|
| 856 |
4 |
0 |
|z Full text available from Research Library: 06/01/2005 to present
|u https://search.proquest.com/publication/44752
|
| 863 |
4 |
0 |
|8 1
|a <1>-
|i <1988/1989>-
|x provisional
|